Drogadicción : Entrevista en "Hombre Nuevo" /
Entrevistas a distintos jóvenes que atraviesan el flagelo de la droga, sus comienzos en la adicción y experiencias de rehabilitación.
Guardado en:
| Autor Principal: | |
|---|---|
| Formato: | |
| Publicado: |
Argentina,
2006.
|
| Materias: | |
| Etiquetas: |
Agregar Etiqueta
Sin Etiquetas, Sea el primero en etiquetar este registro!
|
| LEADER | 00838ngm a22002295g 4500 | ||
|---|---|---|---|
| 001 | CEM.cems023283 | ||
| 008 | 130507s2006##################0###0#####d | ||
| 005 | 20250227175434.0 | ||
| 245 | 1 | 0 | |a Drogadicción : |b Entrevista en "Hombre Nuevo" / |c Estudiantes de 3ºC Escuela Normal Superior. |
| 260 | |a Argentina, |c 2006. | ||
| 300 | |a 13'. | ||
| 520 | |a Entrevistas a distintos jóvenes que atraviesan el flagelo de la droga, sus comienzos en la adicción y experiencias de rehabilitación. | ||
| 100 | 1 | |a Estudiantes de 3ºC Escuela Normal Superior. | |
| 082 | 6 | 1 | |/ DIE |
| 653 | |a DROGADICCION | ||
| 653 | |a ADICCIONES | ||
| 653 | |a DROGAS | ||
| 653 | |a ESTUPEFACIENTES | ||
| 653 | |a DROGADEPENDENCIA | ||
| 653 | |a ESCUELA NORMAL SUPERIOR | ||
| 653 | |a HOMBRE NUEVO | ||
| 859 | |a CEMS |b BIB. CEMS - Depto. Recursos Didacticos |h 616 |i DIE |k DRD |p 1926.14 |t Ej.1 | ||
